zpět

Detail výsledku týmu

Dno pytle - Vinohrady, Praha

Datum a čas kvízu

25.5 Celkem bodů Celkový počet nahraných bodů na tomto kvízu bez doplňovacích otázek.
9. Pořadí na kvízu Konečné umístění týmu na tomto kvízu.

Zaznamenané odpovědi

# Otázka Odpověď Body Výsledky
1. Jak se nazývá země, jejíž prez... Maďarsko 1
2. Podle aktuálního žebříčku spo... v Lisabonu 0
3. Oblíbený dětský moderátor a he... Michal Nesvadba 0
4. Poslanci Evropského parlamentu... od roku 2035 1
5. Dvaadvacetiletý odchovanec Dyn... Dallas Stars 0
6. Z nebe padá ledacos, ale nejča... A 0
7. Pád z nebe potkal i syna stavi... Íkaros; Daidalos 1
8. V roce 1997 byla zachráněna v... A 0
9. Ve kterém roce byla požárem zn... 1937 (uznáváme od 1935 do 1939) 1
10. Fanoušky romantických seriálů... v Jižní Koreji 1